[Event "Rated Blitz game"]
[Site "?"]
[Date "2021.07.19"]
[Round "?"]
[White "Kostov_64"]
[Black "artsportscience"]
[Result "1-0"]
[WhiteElo "2415"]
[BlackElo "2338"]
[PlyCount "105"]
[EventDate "2021.??.??"]
[EventType "blitz"]

1. e4 e5 2. Nf3 d5 3. Nxe5 Bd6 4. d4 dxe4 5. Nc4 Nf6 6. Nc3 Be7 7. Be2 Bf5 8.
O-O O-O 9. f3 exf3 10. Bxf3 Bc8 11. Bf4 c6 12. Qd2 Be6 13. Ne5 Bb4 14. Bg5 Be7
15. Rae1 Nbd7 16. Qf2 Nxe5 17. dxe5 Nd7 18. Bf4 Bc5 19. Be3 Bxe3 20. Rxe3 Qb6
21. b3 Qd4 22. Rfe1 Rad8 23. Qg3 Nb6 24. Kh1 Nd5 25. Rd3 Qc5 26. Bxd5 Bxd5 27.
Red1 g6 28. Qg5 Rfe8 29. h4 h5 30. Ne4 Qxc2 31. Nf6+ Kg7 32. Nxe8+ Rxe8 33.
R3d2 Qe4 34. Qf6+ Kg8 35. Rf2 Rxe5 36. Rdf1 Rf5 37. Qd8+ Kg7 38. Kg1 Rxf2 39.
Rxf2 Qe1+ 40. Rf1 Qe4 41. Qf6+ Kg8 42. Qf2 Qg4 43. Kh2 Kg7 44. Qf6+ Kg8 45. Qg5
Qxg5 46. hxg5 Kg7 47. Kg3 Be6 48. Kf4 f6 49. Re1 fxg5+ 50. Kxg5 Bf5 51. Re7+
Kf8 52. Kf6 c5 53. Rxb7 {Time forfeit} 1-0

[Event "Rated Blitz game"]
[Site "?"]
[Date "2021.07.19"]
[Round "?"]
[White "Checkking_ky"]
[Black "BrilliantGambiteer"]
[Result "0-1"]
[WhiteElo "2275"]
[BlackElo "2416"]
[PlyCount "70"]
[EventDate "2021.??.??"]
[EventType "blitz"]

1. e4 e5 2. Nf3 d5 3. Nxe5 Bd6 4. d4 dxe4 5. Nc3 Bxe5 6. dxe5 Qxd1+ 7. Kxd1 Bf5
8. Bb5+ c6 9. Bc4 Nd7 10. Bf4 Ne7 11. Ke2 Ng6 12. Bg3 Ndxe5 13. Bb3 O-O 14. h3
Rfe8 15. Ke3 Nd7 16. Rhd1 Nc5 17. Bc4 b5 18. Bf1 a5 19. Bd6 Nb7 20. g4 Be6 21.
Bg3 b4 22. Nxe4 f5 23. gxf5 Bxf5 24. f3 Nc5 25. Bc4+ Kh8 26. Bd3 Bxh3 27. Kf2
Nxd3+ 28. Rxd3 Bf5 29. Re1 Bxe4 30. fxe4 Ne5 31. Bxe5 Rxe5 32. Rd6 Rf8+ 33. Ke3
h6 34. Rxc6 Rxe4+ 35. Kd2 Rd8+ {Normal} 0-1

[Event "Rated Blitz game"]
[Site "?"]
[Date "2021.07.19"]
[Round "?"]
[White "fnunez"]
[Black "magos33"]
[Result "0-1"]
[WhiteElo "2400"]
[BlackElo "2443"]
[PlyCount "86"]
[EventDate "2021.??.??"]
[EventType "blitz"]

1. e4 e5 2. Nf3 d5 3. Nc3 dxe4 4. Nxe4 f5 5. Nc3 Bd6 6. d4 e4 7. Ne5 Bxe5 8.
dxe5 Qxd1+ 9. Nxd1 Nc6 10. Bb5 Bd7 11. Bxc6 Bxc6 12. b3 O-O-O 13. Bb2 Ne7 14.
Ne3 g6 15. g3 Rhe8 16. Ke2 g5 17. Rhd1 f4 18. Ng4 Nf5 19. Nf6 Re7 20. Rxd8+
Kxd8 21. Rd1+ Kc8 22. gxf4 gxf4 23. Rg1 b6 24. Rg8+ Kb7 25. Rh8 h6 26. c4 f3+
27. Kf1 e3 28. fxe3 Nxe3+ 29. Ke1 f2+ 30. Kxf2 Nd1+ 31. Kg3 Nxb2 32. Kf4 Nd3+
33. Kf5 Rxe5+ 34. Kg6 Rg5+ 35. Kf7 Rg2 36. Rh7 Rxh2 37. Ke6 Nc1 38. Nd5 Bxd5+
39. cxd5 Rd2 40. Rxh6 Nxa2 41. Rh7 Nb4 42. Ke5 Rxd5+ 43. Ke4 a5 {Normal} 0-1

[Event "Rated Blitz game"]
[Site "?"]
[Date "2021.07.19"]
[Round "?"]
[White "Arps89"]
[Black "olarovfan"]
[Result "1-0"]
[WhiteElo "2549"]
[BlackElo "2650"]
[PlyCount "71"]
[EventDate "2021.??.??"]
[EventType "blitz"]

1. e4 e5 2. Nf3 d5 3. exd5 e4 4. Ne5 Qxd5 5. d4 exd3 6. Nxd3 Nc6 7. Nc3 Qf5 8.
Be2 Bd6 9. O-O Be6 10. Bf3 O-O-O 11. Bxc6 bxc6 12. Be3 c5 13. Nb5 c4 14. Nxa7+
Kb7 15. Nc5+ Ka8 16. Nb5 Bxh2+ 17. Kxh2 Rxd1 18. Rfxd1 Nf6 19. Nxc7+ Kb8 20.
N7xe6 fxe6 21. Nd7+ Kc7 22. Nxf6 gxf6 23. Rd4 Qb5 24. Rad1 Rg8 25. b3 cxb3 26.
cxb3 Qh5+ 27. Kg1 Qg6 28. Rd7+ Kb8 29. g3 h5 30. R1d4 e5 31. Rb4+ Kc8 32. Rbb7
h4 33. Rdc7+ Kd8 34. Bb6 Qb1+ 35. Rc1+ Ke8 36. Rxb1 {Normal} 1-0

[Event "Rated Blitz game"]
[Site "?"]
[Date "2021.07.19"]
[Round "?"]
[White "stolencandy13"]
[Black "Wilhelm-Steiniz"]
[Result "1-0"]
[WhiteElo "2492"]
[BlackElo "2224"]
[PlyCount "99"]
[EventDate "2021.??.??"]
[EventType "blitz"]

1. e4 e5 2. Nf3 d5 3. exd5 e4 4. Qe2 Nf6 5. Nc3 Be7 6. Nxe4 O-O 7. d3 Re8 8. d6
cxd6 9. Be3 Nxe4 10. dxe4 f5 11. O-O-O fxe4 12. Qc4+ Kh8 13. Qxe4 Bf6 14. Qd3
Nc6 15. Qxd6 Qa5 16. Kb1 Bf5 17. Bd3 Nb4 18. a3 Nxd3 19. cxd3 Rad8 20. Qc5 Rxd3
21. Rxd3 Bxd3+ 22. Ka1 Qa4 23. Bd4 Qb3 24. Nd2 Qc2 25. Bxf6 Qxc5 26. Bc3 Bc4
27. Rc1 Bf7 28. Bxg7+ Kxg7 29. Rxc5 Re1+ 30. Nb1 Bg6 31. Rc7+ Kh6 32. Ka2 Bxb1+
33. Kb3 Bg6 34. Rxb7 Re2 35. Rxa7 Rxf2 36. g3 Rg2 37. Rc7 Rxh2 38. Rc3 Rg2 39.
a4 Bf5 40. a5 Be6+ 41. Kb4 Kg5 42. b3 Kf6 43. a6 h5 44. a7 Bd5 45. Rd3 Ke5 46.
Rxd5+ Kxd5 47. a8=Q+ Ke5 48. Qxg2 Kf5 49. Qh3+ Kg5 50. Qh4+ {Time forfeit} 1-0

[Event "Rated Blitz game"]
[Site "?"]
[Date "2021.07.19"]
[Round "?"]
[White "Dzhaer"]
[Black "NooB_MasteR_69_chess"]
[Result "1-0"]
[WhiteElo "2371"]
[BlackElo "2596"]
[PlyCount "87"]
[EventDate "2021.??.??"]
[EventType "blitz"]

1. e4 e5 2. Nf3 d5 3. exd5 e4 4. Qe2 Nf6 5. d3 Qxd5 6. Nbd2 Nc6 7. Nxe4 Be6 8.
Nxf6+ gxf6 9. c3 O-O-O 10. Qe4 Qd7 11. Qa4 Bc5 12. d4 Bd6 13. Be3 f5 14. O-O-O
f4 15. Bd2 Rhg8 16. Kb1 Kb8 17. Ka1 Bf5 18. Rg1 a6 19. Ne1 f3 20. Nxf3 Be4 21.
Ng5 Bg6 22. f4 Qg4 23. Bxa6 Bxf4 24. Bxb7 Kxb7 25. d5 Na5 26. Bxf4 Qxf4 27.
Qxf4 Nb3+ 28. axb3 Ra8+ 29. Qa4 Ra6 30. Qxa6+ Kxa6 31. b4 Kb5 32. b3 Re8 33.
Rge1 Ra8+ 34. Kb2 Kb6 35. c4 Rd8 36. c5+ Kb7 37. Kc3 c6 38. Re7+ Kc8 39. d6 f6
40. Ne6 Rg8 41. Ra1 Kb8 42. Nd4 Bf5 43. Nxc6+ Kc8 44. Rc7# {Normal} 1-0

[Event "Rated Rapid game"]
[Site "?"]
[Date "2021.07.19"]
[Round "?"]
[White "Official_bot"]
[Black "Boris-Trapsky"]
[Result "1-0"]
[WhiteElo "2546"]
[BlackElo "2262"]
[PlyCount "57"]
[EventDate "2021.??.??"]
[EventType "rapid"]

1. e4 e5 2. Nf3 d5 3. exd5 Bd6 4. d4 exd4 5. Qxd4 Nf6 6. Bg5 O-O 7. Bxf6 gxf6
8. Nc3 c5 9. Qd2 Bf5 10. O-O-O Qc7 11. Nb5 Qb6 12. Nh4 Bg4 13. h3 Bd7 14. Nxd6
Qxd6 15. Qh6 Qe5 16. Nf3 Qe7 17. Bd3 f5 18. Rhe1 Be6 19. Ng5 f6 20. Nxe6 Nd7
21. Bxf5 Rfe8 22. Re4 Kh8 23. Rh4 Nf8 24. Nxf8 Qg7 25. Qxg7+ Kxg7 26. Ne6+ Kg8
27. Rxh7 b6 28. Rd3 Rf8 29. Rg3# {Normal} 1-0

[Event "Rated Rapid game"]
[Site "?"]
[Date "2021.07.19"]
[Round "?"]
[White "key_1"]
[Black "HugoHatakeyama"]
[Result "1-0"]
[WhiteElo "2400"]
[BlackElo "2270"]
[PlyCount "107"]
[EventDate "2021.??.??"]
[EventType "rapid"]

1. e4 e5 2. Nf3 d5 3. exd5 e4 4. Qe2 Qe7 5. Nd4 Nf6 6. c4 Bg4 7. f3 Bh5 8. Nc3
Qc5 9. Qe3 Nbd7 10. b4 Qxb4 11. Rb1 Qc5 12. Rxb7 Bd6 13. Ndb5 O-O 14. Qxc5 Bxc5
15. g4 Bg6 16. g5 exf3 17. gxf6 f2+ 18. Kd1 Nxf6 19. Be2 Rfe8 20. Nxc7 Ne4 21.
Nxa8 Rxa8 22. Rc7 Bd4 23. Nb5 Bb6 24. Re7 Kf8 25. Ba3 Kg8 26. d3 Nc5 27. Kc2 h6
28. Rf1 Kf8 29. Re3 Kg8 30. Bxc5 Bxc5 31. Rf3 a6 32. Nc3 Rb8 33. R3xf2 Ba3 34.
Ne4 Rb2+ 35. Kc3 a5 36. Bf3 Rb6 37. c5 Rb5 38. d4 f6 39. Nd6 Rb4 40. Nc4 Ra4
41. Nxa3 Rxa3+ 42. Kb2 Ra4 43. Rd2 Rb4+ 44. Kc3 Bf5 45. d6 Be6 46. d5 Bc8 47.
c6 Ba6 48. d7 Rc4+ 49. Kb2 Rb4+ 50. Ka3 Bxf1 51. d8=Q+ Kh7 52. c7 Rf4 53. Bd1
Re4 54. Bc2 {Normal} 1-0

[Event "Rated Blitz game"]
[Site "?"]
[Date "2021.07.19"]
[Round "?"]
[White "wl2020"]
[Black "annaly1979"]
[Result "0-1"]
[WhiteElo "2469"]
[BlackElo "2436"]
[PlyCount "58"]
[EventDate "2021.??.??"]
[EventType "blitz"]

1. e4 e5 2. Nf3 d5 3. Nxe5 Qe7 4. d4 f6 5. Nd3 Nc6 6. c3 Bf5 7. Be2 Bxe4 8. O-O
Qf7 9. Nd2 Bf5 10. Nb3 Bd6 11. Ndc5 b6 12. Bb5 Nge7 13. Nd3 O-O 14. Nf4 a6 15.
Bd3 Bxd3 16. Qxd3 a5 17. a4 Rae8 18. Be3 Ng6 19. Nxg6 hxg6 20. Rfe1 Ne7 21. Qd2
Nf5 22. Bf4 g5 23. Bxd6 Nxd6 24. f3 Nc4 25. Qf2 Qg6 26. Rad1 Rxe1+ 27. Rxe1 Re8
28. Rxe8+ Qxe8 29. Kf1 Qxa4 {Normal} 0-1

[Event "Rated Blitz game"]
[Site "?"]
[Date "2021.07.19"]
[Round "?"]
[White "Bibekthing"]
[Black "Fantastic_power06"]
[Result "0-1"]
[WhiteElo "2555"]
[BlackElo "2748"]
[PlyCount "102"]
[EventDate "2021.??.??"]
[EventType "blitz"]

1. e4 e5 2. Nf3 d5 3. d3 dxe4 4. Nxe5 Nf6 5. Nc3 Bb4 6. Bd2 Qd4 7. Nc4 exd3 8.
Bxd3 Bg4 9. Ne2 Bxd2+ 10. Qxd2 Qc5 11. O-O-O Nc6 12. Qe3+ Qxe3+ 13. Nxe3 O-O
14. h3 Bd7 15. Bb5 Rfd8 16. Nf4 a6 17. Be2 Be8 18. Nfd5 Nxd5 19. Nxd5 Rac8 20.
Bg4 Rb8 21. Nxc7 Kf8 22. Nxe8 Rxe8 23. Rhe1 Ne5 24. f4 Ng6 25. g3 b6 26. Bf5
Ne7 27. Bd3 a5 28. a4 Red8 29. Re2 Nd5 30. Rde1 Rbc8 31. c3 Nxc3 32. bxc3 Rxc3+
33. Kb2 Rcxd3 34. Re3 R3d4 35. Kb3 Rb4+ 36. Ka3 g6 37. Re4 Rd3+ 38. Ka2 Rxg3
39. Rxb4 axb4 40. Rb1 Ra3+ 41. Kb2 Rxa4 42. Kb3 Ra3+ 43. Kc4 Rxh3 44. Rxb4 Rf3
45. Kd5 Kg7 46. Ke4 Rf1 47. Rxb6 Re1+ 48. Kf3 h5 49. Kg3 Re3+ 50. Kf2 Re6 51.
Kf3 Rxb6 {Normal} 0-1

[Event "Rated Blitz game"]
[Site "?"]
[Date "2021.07.19"]
[Round "?"]
[White "BLITZ16"]
[Black "ferricerve"]
[Result "0-1"]
[WhiteElo "2480"]
[BlackElo "2537"]
[PlyCount "134"]
[EventDate "2021.??.??"]
[EventType "blitz"]

1. e4 e5 2. Nf3 d5 3. exd5 e4 4. Nd4 Qxd5 5. c3 Nf6 6. d3 Bc5 7. dxe4 Qxe4+ 8.
Qe2 Bxd4 9. Qxe4+ Nxe4 10. cxd4 Nc6 11. Bd3 Bf5 12. Be3 Nb4 13. Bxe4 Bxe4 14.
Nc3 Bxg2 15. Rg1 Bf3 16. Kd2 g6 17. a3 Nd5 18. Nxd5 Bxd5 19. Bf4 Kd7 20. Rac1
c6 21. b4 Rhe8 22. Be3 Re4 23. Rg3 a6 24. a4 f5 25. f4 Rae8 26. a5 R8e6 27. h4
Ke7 28. Rc5 Kf7 29. Rc1 Bb3 30. Rc3 Ba4 31. Rc5 Bb5 32. Re5 R6xe5 33. fxe5 Rxh4
34. Kc3 Ke6 35. Rg1 Kd5 36. Kd2 f4 37. Bf2 Rh2 38. Ke1 Bd3 39. Rg4 f3 40. Rf4
Bf5 41. Rxf3 Ke6 42. Re3 g5 43. Bg3 Rg2 44. Bf2 h5 45. Rg3 Rxg3 46. Bxg3 Kd5
47. Bf2 Ke4 48. Ke2 h4 49. Be3 g4 50. Kf2 g3+ 51. Ke2 h3 52. e6 Bxe6 53. Bg1
Bg4+ 54. Kf1 Kf3 55. d5 cxd5 56. b5 axb5 57. a6 bxa6 58. Ke1 h2 59. Kf1 h1=Q
60. Ke1 Qxg1+ 61. Kd2 Qe3+ 62. Kc2 Bf5+ 63. Kb2 Qd3 64. Ka2 Qc2+ 65. Ka3 Qc3+
66. Ka2 Qb4 67. Ka1 Qb1# {Normal} 0-1

[Event "Rated Blitz game"]
[Site "?"]
[Date "2021.07.19"]
[Round "?"]
[White "morischwilli"]
[Black "ferricerve"]
[Result "0-1"]
[WhiteElo "2586"]
[BlackElo "2531"]
[PlyCount "80"]
[EventDate "2021.??.??"]
[EventType "blitz"]

1. e4 e5 2. Nf3 d5 3. Nxe5 Bd6 4. d4 dxe4 5. Bf4 Nf6 6. Bc4 Bxe5 7. Bxe5 Nc6 8.
Nc3 O-O 9. O-O Bf5 10. Bxf6 Qxf6 11. Nd5 Qxd4 12. Qxd4 Nxd4 13. Rad1 Nc6 14.
Nxc7 Rac8 15. Nd5 Be6 16. Rfe1 Rfe8 17. Ne3 g6 18. Bxe6 Rxe6 19. Nd5 Kg7 20. c3
Rd8 21. Kf1 Red6 22. Ne3 Ne5 23. Rxd6 Rxd6 24. Ke2 f5 25. Rd1 Rxd1 26. Nxd1 f4
27. g3 g5 28. h4 h6 29. hxg5 hxg5 30. gxf4 gxf4 31. b3 Kf6 32. Nb2 Kf5 33. Na4
f3+ 34. Kd2 b6 35. Nb2 Kf4 36. a4 Ng4 37. Nd1 Nxf2 38. Nxf2 e3+ 39. Ke1 exf2+
40. Kxf2 Ke4 {Normal} 0-1

[Event "Rated Blitz game"]
[Site "?"]
[Date "2021.07.19"]
[Round "?"]
[White "Genius_of_the_game"]
[Black "NooB_MasteR_69_chess"]
[Result "0-1"]
[WhiteElo "2445"]
[BlackElo "2566"]
[PlyCount "102"]
[EventDate "2021.??.??"]
[EventType "blitz"]

1. e4 e5 2. Nf3 d5 3. exd5 e4 4. Qe2 Nf6 5. Nc3 Be7 6. Nxe4 Nxd5 7. c3 O-O 8.
d4 Re8 9. Qc2 Bf8 10. Bd3 f5 11. O-O fxe4 12. Bxe4 Nf6 13. Bd3 Nc6 14. Ng5 g6
15. Qb3+ Nd5 16. Bc4 Nce7 17. Re1 c6 18. Bf4 Bh6 19. Qc2 Bf5 20. Qd2 Qd7 21.
Nf3 Bxf4 22. Qxf4 b5 23. Bb3 Rf8 24. Qh4 Kg7 25. a4 a6 26. axb5 axb5 27. Rxa8
Rxa8 28. Ne5 Qd6 29. g4 Be6 30. g5 Nf5 31. Qh3 Nf4 32. Qf3 Bxb3 33. Qxf4 Bd5
34. h4 Rf8 35. h5 gxh5 36. Qh2 h4 37. Qf4 h3 38. Qg4 Qd8 39. f4 h6 40. Qxh3
hxg5 41. Qg4 Nh4 42. fxg5 Ng2 43. Nf3 Nxe1 44. Qg3 Nxf3+ 45. Kf2 Nxg5+ 46. Ke2
Qe7+ 47. Qe5+ Qxe5+ 48. dxe5 Re8 49. Kd2 Rxe5 50. Kd3 Re4 51. Kc2 b4 {Time
forfeit} 0-1

[Event "Rated Blitz game"]
[Site "?"]
[Date "2021.07.19"]
[Round "?"]
[White "timitea"]
[Black "tactinhos2900"]
[Result "1/2-1/2"]
[WhiteElo "2400"]
[BlackElo "2660"]
[PlyCount "136"]
[EventDate "2021.??.??"]
[EventType "blitz"]

1. e4 e5 2. Nf3 d5 3. d4 dxe4 4. Nxe5 Bd6 5. Nc4 Nc6 6. Nc3 Nf6 7. Bg5 O-O 8.
Be2 Re8 9. Qd2 h6 10. Bh4 Bf5 11. O-O-O Bb4 12. d5 Ne5 13. a3 Nxc4 14. Bxc4 Bc5
15. Rhe1 a6 16. Bg3 b5 17. Bb3 Bd6 18. f3 exf3 19. gxf3 Qd7 20. Rg1 Bg6 21. Ne2
a5 22. Nf4 a4 23. Ba2 b4 24. Nxg6 fxg6 25. Bxd6 cxd6 26. Rxg6 bxa3 27. Rdg1 Re7
28. Qxh6 axb2+ 29. Kb1 Rae8 30. Qh4 Rf7 31. Rxf6 Rxf6 32. Qxf6 Re1+ 33. Kxb2
Rxg1 34. Qe6+ Qxe6 35. dxe6 Kf8 36. Bd5 Ke7 37. c4 Rg2+ 38. Ka3 Rxh2 39. Kxa4
g5 40. Kb4 Rc2 41. Kb3 Rf2 42. Kc3 Rg2 43. Kd3 g4 44. fxg4 Rxg4 45. Ke3 Rg8 46.
Ke4 Rc8 47. Kd4 Rc5 48. Kc3 Kf6 49. Kb4 Rc7 50. Kc3 Ke5 51. Kd3 Re7 52. Ke3 Re8
53. Kf3 Rg8 54. Ke3 Re8 55. Kd3 Re7 56. Ke3 Rc7 57. Kd3 Rc5 58. Kc3 Rc7 59. Kb4
Rc8 60. Kb5 Rc7 61. Kb6 Rc5 62. Kb7 Rc8 63. Kb6 Re8 64. Kc6 Re7 65. Kb6 Kf6 66.
Kc6 Ke5 67. Kb6 Kf6 68. Kc6 Ke5 {Normal} 1/2-1/2

[Event "Rated Blitz game"]
[Site "?"]
[Date "2021.07.19"]
[Round "?"]
[White "YAMS06"]
[Black "Heri72"]
[Result "0-1"]
[WhiteElo "2304"]
[BlackElo "2447"]
[PlyCount "56"]
[EventDate "2021.??.??"]
[EventType "blitz"]

1. e4 e5 2. Nf3 d5 3. Nxe5 Bd6 4. d4 Nf6 5. exd5 O-O 6. Bd3 Re8 7. O-O Nbd7 8.
Nxd7 Bxd7 9. c4 b6 10. Bg5 h6 11. Bh4 g5 12. Bg3 Ne4 13. Bxe4 Rxe4 14. Bxd6
cxd6 15. Nc3 Rf4 16. Ne2 Rh4 17. Ng3 Qf6 18. Ne2 Re8 19. f3 Bf5 20. g3 Rh3 21.
Rf2 Re3 22. f4 Bg4 23. Qd2 Qe7 24. Nc3 gxf4 25. Rxf4 f5 26. Rf2 h5 27. Raf1 h4
28. Kg2 hxg3 {Normal} 0-1

[Event "Rated Blitz game"]
[Site "?"]
[Date "2021.07.19"]
[Round "?"]
[White "amta01"]
[Black "KamranShirazi"]
[Result "1-0"]
[WhiteElo "2477"]
[BlackElo "2544"]
[PlyCount "65"]
[EventDate "2021.??.??"]
[EventType "blitz"]

1. e4 e5 2. Nf3 d5 3. Nxe5 Bd6 4. d4 dxe4 5. Nc4 f5 6. Nc3 Nf6 7. Be2 O-O 8.
O-O Be7 9. f3 exf3 10. Bxf3 c6 11. Ne5 Be6 12. Re1 Kh8 13. Bg5 Bg8 14. Qd2 Nbd7
15. Rad1 Qb6 16. Nxd7 Nxd7 17. Bxe7 Rfe8 18. Ba3 Ne5 19. Rxe5 Rxe5 20. Na4 Qa5
21. dxe5 Qxa4 22. h3 Re8 23. Bd6 Qxa2 24. b3 h6 25. Qc3 Bxb3 26. Qxb3 Qa5 27.
Qf7 Rg8 28. Qxf5 Qb6+ 29. Kh1 Qe3 30. Be4 g6 31. Qf6+ Kh7 32. Bf8 Qxe4 33. Rd7+
{Normal} 1-0

[Event "Rated Blitz game"]
[Site "?"]
[Date "2021.07.19"]
[Round "?"]
[White "Lixie1903"]
[Black "NooB_MasteR_69_chess"]
[Result "1-0"]
[WhiteElo "2620"]
[BlackElo "2660"]
[PlyCount "83"]
[EventDate "2021.??.??"]
[EventType "blitz"]

1. e4 e5 2. Nf3 d5 3. Nxe5 Bd6 4. d4 dxe4 5. Nc4 Nc6 6. Ne3 f5 7. Bc4 Nf6 8.
Nc3 Bb4 9. a3 Ba5 10. b4 Bb6 11. d5 Ne5 12. Bb3 f4 13. Nc4 Nxc4 14. Bxc4 Ng4
15. Nxe4 Bf5 16. Bxf4 O-O 17. O-O Kh8 18. Nc5 Qf6 19. Bg3 Qc3 20. Bd3 Bc8 21.
Qe2 Bxc5 22. bxc5 Qxc5 23. Rad1 Bd7 24. c4 Rae8 25. Qb2 b6 26. Qb4 Qd4 27. Bxh7
Qe4 28. Bxe4 Rxe4 29. f3 Ne3 30. fxe4 Re8 31. Rfe1 Ng4 32. Qc3 Bc8 33. e5 Kg8
34. e6 Nf6 35. Be5 Rf8 36. Bxf6 Rxf6 37. Rf1 Rg6 38. Rf7 Kh7 39. Rd3 Kh6 40.
Rh3+ Kg5 41. Qe3+ Kg4 42. Qg3# {Normal} 1-0

[Event "Rated Blitz game"]
[Site "?"]
[Date "2021.07.18"]
[Round "?"]
[White "CAMOTE41"]
[Black "kalomBayan"]
[Result "1-0"]
[WhiteElo "2554"]
[BlackElo "2252"]
[PlyCount "61"]
[EventDate "2021.??.??"]
[EventType "blitz"]

1. e4 e5 2. Nf3 d5 3. d4 dxe4 4. Nxe5 Be6 5. c3 Nd7 6. Bf4 Ngf6 7. Nxd7 Qxd7 8.
Nd2 Bd6 9. Bg5 Bf5 10. Nc4 Be7 11. Ne5 Qc8 12. Bc4 O-O 13. Qb3 Bg6 14. h4 b5
15. Qxb5 Rb8 16. Nc6 Qg4 17. Nxb8 Qxg2 18. Rf1 Bd6 19. Bxf6 gxf6 20. h5 Bxh5
21. Qxh5 Rxb8 22. Qxf7+ Kh8 23. Qxf6+ Qg7 24. Qxg7+ Kxg7 25. b3 Bf4 26. Ke2 Re8
27. Rh1 h6 28. Rag1+ Bg5 29. Rg4 Kf6 30. Bd5 Kf5 31. Rxe4 {Normal} 1-0

[Event "Rated Blitz tournament AKIWgsJr"]
[Site "?"]
[Date "2021.07.18"]
[Round "?"]
[White "luno1977"]
[Black "gmmds2694"]
[Result "0-1"]
[WhiteElo "2302"]
[BlackElo "2588"]
[PlyCount "94"]
[EventDate "2021.??.??"]
[EventType "blitz"]

1. e4 e5 2. Nf3 d5 3. Nxe5 Bd6 4. d4 dxe4 5. Nc4 Nf6 6. Nc3 O-O 7. Be3 Nc6 8.
Be2 Bb4 9. Qd2 Nd5 10. a3 Bxc3 11. bxc3 f5 12. g3 Qf6 13. h4 Be6 14. Nb2 f4 15.
gxf4 Nxf4 16. c4 Rad8 17. c3 Nxe2 18. Qxe2 Na5 19. Rd1 Qf7 20. h5 Nxc4 21. Nxc4
Bxc4 22. Qg4 Qf5 23. Rg1 Qxg4 24. Rxg4 Bd5 25. Kd2 Rd6 26. Rdg1 Rf7 27. Rg5 c6
28. Re5 Re6 29. Rgg5 Rxe5 30. Rxe5 Kf8 31. Ke1 h6 32. a4 Rf3 33. a5 Kf7 34. c4
Bxc4 35. Rxe4 Bd5 36. Rg4 Rf5 37. Bf4 Rxh5 38. Be5 g5 39. Rg3 Rh1+ 40. Kd2 Ra1
41. Rh3 Kg6 42. f4 Rxa5 43. f5+ Kxf5 44. Rxh6 Ra2+ 45. Kd3 Ra3+ 46. Ke2 a5 47.
Rf6+ Kg4 {Normal} 0-1

[Event "Rated Blitz tournament zezbgotk"]
[Site "?"]
[Date "2021.07.18"]
[Round "?"]
[White "HpRmDrNsT"]
[Black "jsequera"]
[Result "1-0"]
[WhiteElo "2327"]
[BlackElo "2441"]
[PlyCount "75"]
[EventDate "2021.??.??"]
[EventType "blitz"]

1. e4 e5 2. Nf3 d5 3. Nc3 d4 4. Ne2 Nc6 5. Ng3 Bg4 6. h3 Bxf3 7. Qxf3 h5 8. Bc4
Nf6 9. d3 h4 10. Nf5 g6 11. Bg5 gxf5 12. Qxf5 Be7 13. f4 Na5 14. Bxf7+ Kxf7 15.
fxe5 Qd7 16. Qf3 Raf8 17. O-O Ke8 18. exf6 Bd6 19. e5 Bxe5 20. Rae1 Nc6 21. Re4
Kd8 22. Rfe1 Qd6 23. f7+ Kc8 24. Qg4+ Kb8 25. Bf4 Bxf4 26. Re8+ Nd8 27. R1e6
Bh2+ 28. Kh1 Qg3 29. Qxd4 b6 30. Qxd8+ Kb7 31. Qd5+ Ka6 32. Qc4+ Kb7 33. Qe4+
Ka6 34. a4 Rxf7 35. Qc4+ Kb7 36. Qe4+ Ka6 37. Qe1 Rf3 38. Re2 {Time forfeit}
1-0

[Event "Rated Blitz tournament Q4td42Tm"]
[Site "?"]
[Date "2021.07.18"]
[Round "?"]
[White "scabripok"]
[Black "dr_xStranger"]
[Result "0-1"]
[WhiteElo "2209"]
[BlackElo "2511"]
[PlyCount "56"]
[EventDate "2021.??.??"]
[EventType "blitz"]

1. e4 e5 2. Nf3 d5 3. Nxe5 Bd6 4. d4 dxe4 5. Bc4 Bxe5 6. Qh5 Qe7 7. Qxe5 Qxe5
8. dxe5 Nc6 9. Nc3 Bf5 10. Bf4 Nge7 11. O-O-O Ng6 12. Bg3 O-O 13. Rhe1 Ncxe5
14. Bd5 c6 15. Bxe4 Bxe4 16. Nxe4 f5 17. f4 fxe4 18. fxe5 Rae8 19. Rxe4 Rf5 20.
e6 Nf8 21. e7 Ng6 22. Rd8 Kf7 23. Rxe8 Kxe8 24. Bd6 Rd5 25. Ba3 c5 26. c4 Re5
27. Rxe5 Nxe5 28. Bxc5 Nd3+ {Normal} 0-1

[Event "Rated Blitz game"]
[Site "?"]
[Date "2021.07.18"]
[Round "?"]
[White "PhoenixRebornAshes"]
[Black "annaly1979"]
[Result "1-0"]
[WhiteElo "2573"]
[BlackElo "2453"]
[PlyCount "115"]
[EventDate "2021.??.??"]
[EventType "blitz"]

1. e4 e5 2. Nf3 d5 3. exd5 e4 4. Ne5 Bd6 5. d4 Nf6 6. c4 b6 7. Nc3 h6 8. Be2
O-O 9. O-O Bf5 10. h3 Qe8 11. Bf4 Nbd7 12. Nxd7 Bxf4 13. Nxf6+ gxf6 14. Bg4 Bg6
15. Bh5 f5 16. a4 a5 17. Re1 Kg7 18. Nb5 c6 19. dxc6 Qxc6 20. b3 Rad8 21. d5
Qc5 22. Ra2 Rfe8 23. Be2 e3 24. fxe3 Rxe3 25. Kh1 Rde8 26. Rf1 Bb8 27. Bf3 Qb4
28. d6 Re1 29. Qd4+ Kh7 30. Ra1 Rxa1 31. Rxa1 Re1+ 32. Rxe1 Qxe1+ 33. Qg1 Qd2
34. Qd1 Qxd1+ 35. Bxd1 Bxd6 36. Nxd6 f4 37. Bf3 Bc2 38. Be4+ Bxe4 39. Nxe4 Kg6
40. Nc3 Kf5 41. Kg1 Ke5 42. Nb5 Ke4 43. Kf2 Kd3 44. Nd6 Kc2 45. Nc8 Kxb3 46.
Nxb6 Kb4 47. Kf3 Kc5 48. Nd7+ Kxc4 49. Nb8 Kb4 50. Kxf4 Kxa4 51. Nc6 Kb5 52.
Nxa5 Kxa5 53. Kf5 Kb5 54. Kf6 h5 55. Kxf7 h4 56. Kg6 Kc5 57. Kg5 Kd5 58. Kxh4 {
Normal} 1-0

[Event "Rated Blitz game"]
[Site "?"]
[Date "2021.07.18"]
[Round "?"]
[White "easychess18"]
[Black "annaly1979"]
[Result "0-1"]
[WhiteElo "2518"]
[BlackElo "2424"]
[PlyCount "84"]
[EventDate "2021.??.??"]
[EventType "blitz"]

1. e4 e5 2. Nf3 d5 3. exd5 e4 4. Qe2 f5 5. d3 Nf6 6. Nc3 Bb4 7. dxe4 Bxc3+ 8.
bxc3 fxe4 9. Nd4 O-O 10. g3 c5 11. dxc6 Nxc6 12. Nxc6 bxc6 13. Bg2 Bg4 14. Qc4+
Kh8 15. O-O Bf3 16. Ba3 Re8 17. Rfe1 Qc8 18. Bxf3 exf3 19. Qh4 Qa6 20. Bc5 Qxa2
21. Bd4 Qf7 22. g4 Nd5 23. h3 Nf4 24. Kh2 Ne2 25. Be3 Qc7+ 26. Kh1 Rxe3 27.
fxe3 Rf8 28. Qf2 Ng3+ 29. Kg1 Ne4 30. Qh4 f2+ 31. Kf1 Ng3+ 32. Kg2 fxe1=Q 33.
Rxe1 Ne4 34. Rf1 Rxf1 35. Kxf1 Qf7+ 36. Ke2 Nxc3+ 37. Kd3 Nd5 38. c4 Nf6 39.
Qg3 Qd7+ 40. Ke2 Qd2+ 41. Kf3 Qd1+ 42. Kf2 Ne4+ {Normal} 0-1

[Event "Rated Blitz game"]
[Site "?"]
[Date "2021.07.18"]
[Round "?"]
[White "SciChess"]
[Black "melanger"]
[Result "0-1"]
[WhiteElo "2359"]
[BlackElo "2428"]
[PlyCount "96"]
[EventDate "2021.??.??"]
[EventType "blitz"]

1. e4 e5 2. Nf3 d5 3. exd5 e4 4. Qe2 Nf6 5. d3 Qxd5 6. dxe4 Qxe4 7. Qxe4+ Nxe4
8. Bd3 Nc5 9. Bc4 Be6 10. Bxe6 Nxe6 11. O-O Nc6 12. b3 O-O-O 13. Bb2 f6 14.
Nbd2 Nb4 15. Rfc1 Nf4 16. Kf1 Bc5 17. a3 Nc6 18. Ne4 Bb6 19. g3 Ne6 20. c4 Bd4
21. Nxd4 Nexd4 22. Rc3 Rhe8 23. Re1 Ne5 24. Nc5 b6 25. Nd3 Nxb3 26. Rxb3 Nxd3
27. Rxe8 Rxe8 28. Rxd3 c5 29. Re3 Rd8 30. Ke2 Rd7 31. Bc3 Kb7 32. Rd3 Re7+ 33.
Kd2 Kc6 34. Rd8 a6 35. a4 Re4 36. Rc8+ Kb7 37. Rg8 Rxc4 38. Rxg7+ Kc6 39. a5 b5
40. Rxh7 b4 41. Bxf6 b3 42. Rh6 Kb5 43. Bd8 Ra4 44. Rb6+ Kc4 45. Rxa6 Ra2+ 46.
Ke3 b2 47. Rb6 Ra3+ 48. Ke4 Rb3 {Normal} 0-1

[Event "Rated Blitz game"]
[Site "?"]
[Date "2021.07.18"]
[Round "?"]
[White "Fakhriev"]
[Black "Schachelite"]
[Result "0-1"]
[WhiteElo "2333"]
[BlackElo "2475"]
[PlyCount "110"]
[EventDate "2021.??.??"]
[EventType "blitz"]

1. e4 e5 2. Nf3 d5 3. Nxe5 Bd6 4. d4 dxe4 5. Nc3 Nf6 6. Bg5 O-O 7. Bxf6 gxf6 8.
Nc4 f5 9. Qh5 Nc6 10. O-O-O Nxd4 11. Nxd6 Qxd6 12. g4 c5 13. gxf5 Qf4+ 14. Kb1
Bxf5 15. Nd5 Bg6 16. Nxf4 Bxh5 17. Nxh5 f5 18. Rg1+ Kh8 19. Bc4 f4 20. c3 Nf3
21. Rg4 Ne5 22. Be6 Nxg4 23. Bxg4 Rad8 24. Re1 Rde8 25. Kc2 b6 26. h3 Re5 27.
Rd1 e3 28. fxe3 fxe3 29. Re1 Rf2+ 30. Kc1 Kg8 31. Ng3 Kg7 32. Nf5+ Rfxf5 33.
Bxf5 Rxf5 34. Rxe3 Rf7 35. Kc2 Kg6 36. Kd3 Kg5 37. Kc4 Kf4 38. Rd3 Ke4 39. Rg3
h5 40. a4 Kf4 41. Rg8 h4 42. Rg4+ Kf3 43. Rxh4 Kg3 44. Rh8 a6 45. Rh6 Rf4+ 46.
Kb3 b5 47. Rxa6 bxa4+ 48. Rxa4 Rf5 49. h4 Rf8 50. Kc4 Rb8 51. b3 Kxh4 52. Kxc5+
Kg5 53. b4 Kf6 54. Ra6+ Ke7 55. b5 Rc8+ {Time forfeit} 0-1